Bajo los puentes del Drina : (Record no. 9947)

MARC details
000 -LEADER
campo de control de longitud fija 00907nam a2200253 i 4500
001 - NÚMERO DE CONTROL
campo de control 9947
003 - IDENTIFICADOR DE NÚMERO DE CONTROL
campo de control ES-MaACL
005 - FECHA Y HORA DE LA ÚLTIMA TRANSACCIÓN
campo de control 20250809063448.0
007 - CAMPO FIJO DE DESCRIPCIÓN FÍSICA--INFORMACIÓN GENERAL
campo de control de longitud fija t|
008 - DATOS DE LONGITUD FIJA--INFORMACIÓN GENERAL
campo de control de longitud fija 940527e1994 sp ||||1| spa d
017 ## - NÚMERO DE COPYRIGHT O DE DEPÓSITO LEGAL
Número de copyright o de depósito legal Z 3264-1993
Agencia que asigna Oficina Depósito Legal Zaragoza
080 ## - NÚMERO DE LA CLASIFICACIÓN DECIMAL UNIVERSAL
Número de la Clasificación Decimal Universal 949.71"1991/..."(089.3)
245 00 - MENCIÓN DEL TÍTULO
Título Bajo los puentes del Drina :
Resto del título solidaridad con la mujer bosnia /
Mención de responsabilidad, etc. edición de Túa Blesa y Elena Pallarés
260 ## - PUBLICACIÓN, DISTRIBUCIÓN, ETC.
Lugar de publicación, distribución, etc. [Zaragoza] :
Nombre del editor, distribuidor, etc. Instituto Aragonés de la Mujer :
Fecha de publicación, distribución, etc. [1994]
300 ## - DESCRIPCIÓN FÍSICA
Extensión 81 páginas ;
Dimensiones 31 cm
650 #7 - PUNTO DE ACCESO ADICIONAL DE MATERIA--TÉRMINO DE MATERIA
Término de materia o nombre geográfico como elemento de entrada Guerra de Yugoslavia, 1991-1995
Fuente del encabezamiento o término embne
9 (RLIN) 13195
700 1# - ENTRADA AGREGADA--NOMBRE PERSONAL
Nombre de persona Blesa, Túa,
Fechas asociadas al nombre 1950-
Término indicativo de función/relación Editor literario
9 (RLIN) 29477
700 1# - ENTRADA AGREGADA--NOMBRE PERSONAL
Nombre de persona Pallarés, Elena
Término indicativo de función/relación Editor literario
9 (RLIN) 88571
710 2# - ENTRADA AGREGADA--NOMBRE DE ENTIDAD CORPORATIVA
Término indicativo de función/relación Editor
Nombre de entidad corporativa o nombre de jurisdicción como elemento de entrada Instituto Aragonés de la Mujer
9 (RLIN) 4796
852 ## - LOCALIZACIÓN
Ubicación ES-MaACL
Sublocalización o colección R.122626
Ubicación en estantería Depósito 2
Número de control de estantería L-17463
942 ## - ELEMENTOS DE ENTRADA SECUNDARIOS (KOHA)
Fuente del sistema de clasificación o colocación Clasificación decimal universal
Tipo de ítem Koha Libro impreso
Suprimir en OPAC No
Holdings
Estatus retirado Estado de pérdida Estado de daño No para préstamo Biblioteca de origen Biblioteca actual Ubicación en estantería Fecha de adquisición Fuente de adquisición Total de préstamos Signatura topográfica completa Código de barras Visto por última vez Precio de reemplazo Tipo de ítem Koha
        Biblioteca del Ateneo de Madrid Biblioteca del Ateneo de Madrid Depósito 2 17/01/2008     L-17463 1010154 23/02/2023 23/02/2023 Libro impreso